| 000 | 00534nam a2200181 a 4500 | ||
|---|---|---|---|
| 005 | 20140412111304.0 | ||
| 008 | 001117s19uu xx 00 eng d | ||
| 020 | _a0-671-77836-6 | ||
| 050 |
_aM 428.1 _bDo725 1994 |
||
| 100 | _aDoty, Roy | ||
| 245 |
_aWords around the year / _cby roy Doty ; illustrated by Sal Murdocca. |
||
| 260 |
_aNew York : _bSimon & Schuster, _c1994. |
||
| 300 | _a1 v. (unp.) ; ill. | ||
| 500 | _aSimon and Schuster Books for young Readers | ||
| 650 | _aVocabulary | ||
| 650 | _aMonths | ||
| 999 |
_c103578 _d103578 |
||